000 00651nam a2200157 a 4500
001 000038859
005 20201002031410.0
008 100310s19uu dr 000 0 spa d
040 _aDO-SdBNP
_bspa
_cBNPHU
082 _axxx
_bR426m
110 1 _aRepública Dominicana
_bSecretaría de Estado de Finanzas
_bSuperintendencia de Seguros
_937111
245 1 0 _aManual de estudio y guía de examen para obtener las licencias de intermediarios en operaciones de seguros en los ramos de vida, accidentes personales y salud.
260 _aSanto Domingo :
_bSecretaría de Estado de Finanzas,
_c[197?].
300 _a64 ;
_c27 cm.
500 _aPublicación oficial
999 _c38349
_d38349